YOU CAN WIN (Record no. 224112)

MARC details
000 -LEADER
fixed length control field 00234 a2200109 4500
005 - DATE AND TIME OF LATEST TRANSACTION
control field 20260324144625.0
020 ## - INTERNATIONAL STANDARD BOOK NUMBER
International Standard Book Number 9789382951711
100 ## - MAIN ENTRY--PERSONAL NAME
Personal name KHERA, SHIV
245 ## - TITLE STATEMENT
Title YOU CAN WIN
260 ## - PUBLICATION, DISTRIBUTION, ETC.
Name of publisher, distributor, etc. BLOOMSBURY, NEWDELHI
Date of publication, distribution, etc. 2021
942 ## - ADDED ENTRY ELEMENTS (KOHA)
Koha item type Book
Holdings
Withdrawn status Lost status Source of classification or shelving scheme Damaged status Not for loan Home library Current library Shelving location Date acquired Total Checkouts Barcode Date last seen Price effective from Koha item type Date last checked out
    Dewey Decimal Classification     Mewar University Central Library Mewar University Central Library Engineering 25/03/2026   21719 25/03/2026 25/03/2026 Book  
    Dewey Decimal Classification     Mewar University Central Library Mewar University Central Library Engineering 25/03/2026   21720 25/03/2026 25/03/2026 Book  
    Dewey Decimal Classification     Mewar University Central Library Mewar University Central Library Engineering 25/03/2026 1 21721 17/04/2026 25/03/2026 Book 08/04/2026